[Event "Open Pasqua"]
[Site "Arco ITA"]
[Date "2015.04.07"]
[Round "1"]
[White "Bernardi, Ruben"]
[Black "Filosi, Gianluigi"]
[WhiteElo "2135"]
[BlackElo "1655"]
[Result "1-0"]
[PlyCount "91"]
[EventDate "2015.04.07"]

1. e4 e6 2. d4 d5 3. Nd2 dxe4 4. Nxe4 Nf6 5. Bd3 Nxe4 6. Bxe4 Nd7 7. Ne2 Nf6 8.
Bf3 Bd6 9. O-O O-O 10. c4 c6 11. Bg5 h6 12. Be3 Qd7 13. Qc1 e5 14. Ng3 Ng4 15.
dxe5 Bxe5 16. Bc5 Re8 17. Qc2 Bxg3 18. fxg3 Qf5 19. Qxf5 Bxf5 20. Bxc6 bxc6 21.
Rxf5 Re2 22. h3 Nf6 23. Rf2 Re6 24. Rf3 Re2 25. Rf2 Re6 26. Rc2 a6 27. Rd1 Rae8
28. Kh2 Ne4 29. Bg1 f5 30. Rf1 g6 31. Rf3 Rb8 32. Ra3 c5 33. Rd3 Reb6 34. b3
Re8 35. Rd5 Rc6 36. Rc1 Kf7 37. Rf1 Kf6 38. Rf3 Ree6 39. Be3 Kf7 40. Bxh6 Nf6
41. Rd8 Ne8 42. g4 Ke7 43. Bg5+ Nf6 44. Rfd3 Kf7 45. gxf5 gxf5 46. Bxf6 1-0

[Event "Open Pasqua"]
[Site "Arco ITA"]
[Date "2015.04.07"]
[Round "1"]
[White "Bruno, Fabio"]
[Black "Vaccari, Giorgio"]
[WhiteElo "2418"]
[BlackElo "1734"]
[Result "1-0"]
[PlyCount "51"]
[EventDate "2015.04.07"]

1. d4 Nf6 2. c4 e6 3. Nc3 Bb4 4. e3 d5 5. Nf3 O-O 6. Bd3 c5 7. O-O Bxc3 8. bxc3
Qc7 9. Qe2 Nbd7 10. cxd5 exd5 11. Bb2 c4 12. Bc2 Re8 13. Nd2 Nf8 14. f3 Bd7 15.
a4 Ng6 16. Qf2 Re6 17. Rfe1 Rae8 18. Nf1 Bc6 19. Ba3 Ne7 20. Ng3 g6 21. e4 Nd7
22. e5 Kg7 23. f4 f5 24. exf6+ Kxf6 25. Nh5+ Kf7 26. Rxe6 1-0

[Event "Open Pasqua"]
[Site "Arco ITA"]
[Date "2015.04.07"]
[Round "1"]
[White "Buck, Klaus-Michael"]
[Black "Medancic, Rikard"]
[WhiteElo "1675"]
[BlackElo "2258"]
[Result "0-1"]
[PlyCount "64"]
[EventDate "2015.04.07"]

1. Nf3 b5 2. b3 Nf6 3. Bb2 e6 4. e3 a6 5. c4 b4 6. a3 Bb7 7. axb4 Bxb4 8. Ba3
Nc6 9. Be2 O-O 10. O-O Qe7 11. Ne1 d5 12. Nc2 Bxa3 13. Ncxa3 d4 14. Bf3 Rfd8
15. exd4 Rxd4 16. Nc2 Rdd8 17. Qc1 e5 18. Qa3 Qxa3 19. Rxa3 e4 20. Be2 a5 21.
f3 Nb4 22. Ne3 g6 23. fxe4 Nxe4 24. Bf3 Nc5 25. Bxb7 Nxb7 26. Rd1 Rd3 27. Nc3
c6 28. Na4 Rad8 29. Kf2 Rxd2+ 30. Rxd2 Rxd2+ 31. Ke1 Rd3 32. Ke2 Rxe3+ 0-1

[Event "Open Pasqua"]
[Site "Arco ITA"]
[Date "2015.04.07"]
[Round "1"]
[White "Dappiano, Andrea"]
[Black "Menon, Michele"]
[WhiteElo "2255"]
[BlackElo "1673"]
[Result "1-0"]
[PlyCount "50"]
[EventDate "2015.04.07"]

1. e4 d6 2. d4 Nf6 3. Nc3 c6 4. f4 Qa5 5. e5 Ne4 6. Qf3 Nxc3 7. Bd2 dxe5 8.
fxe5 Qd5 9. Bxc3 g6 10. Bd3 Bh6 11. Be4 Qd7 12. h3 e6 13. Ne2 O-O 14. O-O Na6
15. Rad1 Qe7 16. Bd2 Bg7 17. Qg3 f6 18. exf6 Bxf6 19. Bh6 Bg7 20. Bxg7 Qxg7 21.
Rxf8+ Qxf8 22. Rf1 Qe7 23. Bxg6 hxg6 24. Qxg6+ Qg7 25. Qe8+ Kh7 1-0

[Event "Open Pasqua"]
[Site "Arco ITA"]
[Date "2015.04.07"]
[Round "1"]
[White "De Santis, Alessio"]
[Black "Csiki, Endre"]
[WhiteElo "2284"]
[BlackElo "1712"]
[Result "1-0"]
[PlyCount "97"]
[EventDate "2015.04.07"]

1. d4 d5 2. c4 e6 3. Nc3 Nf6 4. Nf3 Nbd7 5. Bg5 c6 6. e3 Bb4 7. Qb3 Qa5 8. a3
Bxc3+ 9. Qxc3 Qxc3+ 10. bxc3 Ne4 11. Rc1 Nb6 12. cxd5 exd5 13. Bf4 O-O 14. Nd2
Nxd2 15. Kxd2 Bf5 16. f3 Rfe8 17. g4 Bg6 18. h4 h6 19. h5 Bh7 20. Rg1 f6 21. c4
dxc4 22. Bxc4+ Nxc4+ 23. Rxc4 Rad8 24. a4 Rd5 25. e4 Rd7 26. Ke3 Red8 27. Rb1
Re7 28. Rcb4 Rdd7 29. a5 a6 30. R1b2 Kf7 31. Bb8 Ke8 32. Ba7 g6 33. Bc5 Rg7 34.
hxg6 Bxg6 35. Rh2 Rh7 36. f4 h5 37. gxh5 Rxh5 38. Rxh5 Bxh5 39. f5 Bf7 40. Rb2
Bg8 41. Kf4 Bf7 42. Rh2 Bg8 43. Rh6 Kf7 44. e5 fxe5+ 45. dxe5 Rd5 46. e6+ Kg7
47. Rg6+ Kh7 48. Bf8 Rd1 49. Rh6# 1-0

[Event "Open Pasqua"]
[Site "Arco ITA"]
[Date "2015.04.07"]
[Round "1"]
[White "Kofler, Albin"]
[Black "La Manna, Andrea"]
[WhiteElo "1671"]
[BlackElo "2193"]
[Result "0-1"]
[PlyCount "32"]
[EventDate "2015.04.07"]

1. d4 b6 2. e4 Bb7 3. f3 e6 4. Bd3 c5 5. Ne2 Nf6 6. O-O cxd4 7. Nxd4 Bc5 8. c3
Nc6 9. Qa4 e5 10. b4 Nxb4 11. Bc4 Nc6 12. Bd5 Nxd5 13. exd5 Nxd4 14. Kh1 Nf5
15. Qe4 Qf6 16. f4 Ng3+ 0-1

[Event "Open Pasqua"]
[Site "Arco ITA"]
[Date "2015.04.07"]
[Round "1"]
[White "Losonczi, Marcell"]
[Black "Molnar, Bela"]
[WhiteElo "1719"]
[BlackElo "2285"]
[Result "0-1"]
[PlyCount "38"]
[EventDate "2015.04.07"]

1. e4 c5 2. c3 d6 3. d4 Nf6 4. dxc5 Nc6 5. Bc4 Nxe4 6. Bxf7+ Kxf7 7. Qd5+ e6 8.
Qxe4 d5 9. Qf3+ Qf6 10. Bf4 Bxc5 11. Nd2 Rd8 12. O-O-O h6 13. Ne2 e5 14. Bg3
Bf5 15. h4 Rac8 16. h5 e4 17. Qf4 Nb4 18. Qh4 Qa6 19. a3 e3 0-1

[Event "Open Pasqua"]
[Site "Arco ITA"]
[Date "2015.04.07"]
[Round "1"]
[White "Maddaloni, Giovanni"]
[Black "Popa, Claudiu"]
[WhiteElo "1605"]
[BlackElo "2114"]
[Result "0-1"]
[PlyCount "74"]
[EventDate "2015.04.07"]

1. e4 e5 2. Nf3 Nf6 3. Nxe5 d6 4. Nf3 Nxe4 5. Nc3 Nxc3 6. dxc3 Be7 7. Be3 O-O
8. Qd2 Nd7 9. h3 Ne5 10. Be2 Be6 11. O-O Nc4 12. Bxc4 Bxc4 13. Rfe1 Re8 14.
Rad1 Bf6 15. Bd4 Rxe1+ 16. Rxe1 Be6 17. b3 a5 18. a4 Bxd4 19. Nxd4 Qd7 20. Re3
c5 21. Nxe6 fxe6 22. c4 b6 23. Rd3 Rd8 24. Qe2 Qf7 25. Qd2 d5 26. f3 Qf5 27. c3
Re8 28. Kh2 Rd8 29. Qe2 d4 30. g3 e5 31. Kg2 h5 32. Qe4 Qxe4 33. fxe4 Rf8 34.
cxd4 exd4 35. Rf3 Rxf3 36. Kxf3 Kf7 37. h4 Ke6 0-1

[Event "Open Pasqua"]
[Site "Arco ITA"]
[Date "2015.04.08"]
[Round "2"]
[White "Beltrami, Nerio"]
[Black "De Santis, Alessio"]
[WhiteElo "1916"]
[BlackElo "2284"]
[Result "0-1"]
[PlyCount "114"]
[EventDate "2015.04.07"]

1. e4 b6 2. d4 Bb7 3. Bg5 Bxe4 4. d5 h6 5. Nc3 Bh7 6. Bf4 Nf6 7. Bc4 a6 8. a4
d6 9. Qe2 g5 10. Be3 Bg7 11. Bd4 c5 12. Be3 Qc8 13. h3 Ra7 14. Nf3 Nbd7 15. O-O
g4 16. hxg4 Nxg4 17. Bf4 Nde5 18. Nxe5 Nxe5 19. Rae1 Rg8 20. Ne4 Bxe4 21. Qxe4
Nxc4 22. Qxc4 Qg4 23. Qe4 Kd8 24. c3 f5 25. Qe6 Be5 26. Bg3 f4 27. Qxg4 Rxg4
28. Bh2 Kd7 29. f3 Rg5 30. Re4 Rf5 31. Kf2 Ra8 32. Rh1 Rg8 33. Bg1 Rfg5 34. Rh2
h5 35. Kf1 b5 36. axb5 axb5 37. Bf2 Ra8 38. Re1 Ra2 39. Rb1 Rf5 40. Be1 Bf6 41.
Bd2 h4 42. Rh3 Ke8 43. Be1 Rh5 44. g4 fxg3 45. Bxg3 Rxd5 46. Be1 Kd7 47. Rh2
Rh5 48. Rh3 Kc6 49. Ke2 Re5+ 50. Kd1 Rg5 51. Rh2 Rf5 52. Rh3 c4 53. Kc2 Rh5 54.
Rd1 b4 55. Rb1 b3+ 56. Kd1 Rg5 57. Rh2 Rg1 0-1

[Event "Open Pasqua"]
[Site "Arco ITA"]
[Date "2015.04.08"]
[Round "2"]
[White "Buglisi, Massimo"]
[Black "Dappiano, Andrea"]
[WhiteElo "1906"]
[BlackElo "2255"]
[Result "0-1"]
[PlyCount "40"]
[EventDate "2015.04.07"]

1. e4 e6 2. d3 d5 3. Nd2 Nf6 4. Ngf3 b6 5. e5 Nfd7 6. g3 c5 7. Bg2 Nc6 8. c4
Ndxe5 9. Nxe5 Nxe5 10. Qe2 Nc6 11. cxd5 Nd4 12. Qe4 Bb7 13. Qe5 Bxd5 14. Ne4 f5
15. Bg5 Qb8 16. Nf6+ gxf6 17. Qxf6 Bxg2 18. O-O-O Qd8 19. Qxh8 Qxg5+ 20. f4 Qg7
0-1

[Event "Open Pasqua"]
[Site "Arco ITA"]
[Date "2015.04.08"]
[Round "2"]
[White "La Manna, Andrea"]
[Black "Dai Campi, Danilo"]
[WhiteElo "2193"]
[BlackElo "1915"]
[Result "1-0"]
[PlyCount "65"]
[EventDate "2015.04.07"]

1. d4 Nf6 2. c4 c5 3. d5 b5 4. cxb5 a6 5. b6 Bb7 6. Nc3 Qxb6 7. e4 d6 8. Nf3
Nbd7 9. a4 g6 10. a5 Qc7 11. Nd2 e6 12. Bc4 exd5 13. Nxd5 Nxd5 14. Bxd5 Bxd5
15. exd5 Be7 16. Nc4 O-O 17. Bf4 Rfe8 18. O-O Bf8 19. Re1 Rxe1+ 20. Qxe1 Nf6
21. Qc3 Nxd5 22. Qf3 Qc6 23. Nb6 Rb8 24. Qxd5 Qxd5 25. Nxd5 Rxb2 26. h3 Rb7 27.
Re1 Kg7 28. Re8 Rb5 29. Bd2 f5 30. Ra8 c4 31. Ra7+ Kg8 32. Nf6+ Kh8 33. Rxh7#
1-0

[Event "Open Pasqua"]
[Site "Arco ITA"]
[Date "2015.04.08"]
[Round "2"]
[White "Medancic, Rikard"]
[Black "Cluyts, Marc"]
[WhiteElo "2258"]
[BlackElo "1941"]
[Result "1/2-1/2"]
[PlyCount "76"]
[EventDate "2015.04.07"]

1. Nf3 Nf6 2. g3 c5 3. Bg2 g6 4. b3 Bg7 5. Bb2 O-O 6. O-O Nc6 7. c4 d6 8. d4
cxd4 9. Nxd4 Bd7 10. Nc3 Rc8 11. e4 a6 12. Re1 Re8 13. Qd2 Qa5 14. Rad1 Nxd4
15. Qxd4 b5 16. Qd2 bxc4 17. bxc4 Be6 18. Nd5 Qxd2 19. Rxd2 Rxc4 20. Nxf6+ Bxf6
21. Bxf6 exf6 22. Rxd6 Ra4 23. e5 Rxa2 24. exf6 Rb8 25. Bf1 a5 26. Rb1 Rf8 27.
h4 h5 28. Rbd1 a4 29. R6d4 Bb3 30. R1d3 Rc2 31. Bg2 Rb8 32. Bd5 Bxd5 33. Rxd5
Rb1+ 34. Kg2 Rbb2 35. Rf3 a3 36. Rd8+ Kh7 37. Rd7 Kg8 38. Rd8+ Kh7 1/2-1/2

[Event "Open Pasqua"]
[Site "Arco ITA"]
[Date "2015.04.08"]
[Round "2"]
[White "Modena, Giorgio"]
[Black "Bruno, Fabio"]
[WhiteElo "1947"]
[BlackElo "2418"]
[Result "0-1"]
[PlyCount "96"]
[EventDate "2015.04.07"]

1. e4 c5 2. Nf3 e6 3. d4 cxd4 4. Nxd4 a6 5. Be3 Nf6 6. Nd2 Qc7 7. c4 b6 8. Bd3
Bb7 9. O-O h5 10. Re1 Ng4 11. Nf1 Bd6 12. h3 Nxe3 13. Nxe3 Be5 14. Nec2 Nc6 15.
Nxc6 dxc6 16. Rb1 c5 17. Qe2 Rd8 18. Red1 g6 19. Ne1 O-O 20. Nf3 Bg7 21. b3 Qf4
22. g3 Qf6 23. h4 Qc3 24. Rbc1 Qf6 25. Rb1 Bc6 26. Bc2 b5 27. cxb5 axb5 28. Bd3
Bh6 29. Kg2 b4 30. Qc2 Qc3 31. Qxc3 bxc3 32. Bc2 Bd2 33. Nxd2 cxd2 34. Rb2 Rd4
35. Bb1 Rfd8 36. f3 f5 37. exf5 exf5 38. Kf2 Kg7 39. Ke3 f4+ 40. gxf4 Re8+ 41.
Kf2 Rxf4 42. Rbxd2 Rxf3+ 43. Kg1 Rg3+ 44. Kh2 Ree3 45. Bd3 Rh3+ 46. Kg1 Rxh4
47. Rh2 Rg3+ 48. Kf2 Rxd3 0-1

[Event "Open Pasqua"]
[Site "Arco ITA"]
[Date "2015.04.08"]
[Round "2"]
[White "Molnar, Bela"]
[Black "Pipitone, Antonio"]
[WhiteElo "2285"]
[BlackElo "1960"]
[Result "1-0"]
[PlyCount "41"]
[EventDate "2015.04.07"]

1. e4 c5 2. Nc3 Nc6 3. f4 d6 4. Nf3 g6 5. Bc4 Bg7 6. O-O e6 7. d3 Nge7 8. a4 a6
9. Qe1 O-O 10. f5 exf5 11. Qh4 Ne5 12. Bg5 Nxf3+ 13. Rxf3 Bxc3 14. bxc3 Re8 15.
Qh6 Nc6 16. Bxf7+ Kxf7 17. Qxh7+ Ke6 18. exf5+ Kd5 19. c4+ Kd4 20. Qg7+ Ne5 21.
Ra3 1-0

[Event "Open Pasqua"]
[Site "Arco ITA"]
[Date "2015.04.08"]
[Round "2"]
[White "Popa, Claudiu"]
[Black "Blasco, Domenico"]
[WhiteElo "2114"]
[BlackElo "1855"]
[Result "0-1"]
[PlyCount "69"]
[EventDate "2015.04.07"]

1. e4 g6 2. d4 Bg7 3. c3 d6 4. f4 Nf6 5. Bd3 O-O 6. Nf3 c5 7. O-O cxd4 8. cxd4
Nc6 9. Nc3 Qb6 10. Na4 Qd8 11. h3 a6 12. Be3 b5 13. d5 Nb4 14. Nb6 Nxd3 15.
Qxd3 Rb8 16. Nxc8 Rxc8 17. Nd4 Qd7 18. Rac1 e6 19. Nc6 exd5 20. exd5 Rfe8 21.
Bf2 Ne4 22. Bd4 Bxd4+ 23. Qxd4 Ng3 24. Qf6 Ne2+ 25. Kh2 Nxc1 26. Rxc1 Ra8 27.
g4 Re3 28. b4 Rae8 29. Rg1 Rd3 30. f5 Re2+ 31. Rg2 Rxg2+ 32. Kxg2 Re3 33. fxg6
hxg6 34. Qf4 Qe8 35. Qxd6 0-1

[Event "Open Pasqua"]
[Site "Arco ITA"]
[Date "2015.04.08"]
[Round "2"]
[White "Salati, Paolo"]
[Black "Bernardi, Ruben"]
[WhiteElo "1828"]
[BlackElo "2135"]
[Result "0-1"]
[PlyCount "78"]
[EventDate "2015.04.07"]

1. e4 e6 2. Qe2 c5 3. f4 Nc6 4. Nf3 g6 5. g3 Bg7 6. Bg2 Nge7 7. O-O d5 8. e5
O-O 9. d3 Nf5 10. c3 Bd7 11. Nbd2 b5 12. b3 a5 13. Bb2 a4 14. bxa4 Rxa4 15. Qf2
c4 16. dxc4 bxc4 17. Rfd1 Qa5 18. a3 Rb8 19. Rdb1 Bf8 20. Qe1 Bc5+ 21. Kh1 Ne3
22. Qc1 Ng4 23. Bf1 Qa7 24. Be2 Ra8 25. Ne1 Nf2+ 26. Kg2 f6 27. Ndf3 Be3 28.
Qc2 fxe5 29. fxe5 Ng4 30. Nd4 Ngxe5 31. Nef3 Ng4 32. h3 Bxd4 33. hxg4 Bf6 34.
Rf1 Rf8 35. Nh4 Ne5 36. Nf3 Nxg4 37. Bc1 Ne3+ 38. Bxe3 Qxe3 39. Nh2 Qxc3 0-1

[Event "Open Pasqua"]
[Site "Arco ITA"]
[Date "2015.04.08"]
[Round "3"]
[White "Boldini, David"]
[Black "Medancic, Rikard"]
[WhiteElo "1987"]
[BlackElo "2258"]
[Result "0-1"]
[PlyCount "85"]
[EventDate "2015.04.07"]

1. Nf3 d5 2. g3 c6 3. Bg2 Bf5 4. c4 e6 5. Nd4 Bg6 6. Nc2 Nf6 7. d3 dxc4 8. dxc4
Qxd1+ 9. Kxd1 Ng4 10. Rf1 Nxh2 11. Rh1 Ng4 12. Rf1 Na6 13. Bg5 f6 14. Bf4 e5
15. Bd2 Rd8 16. Kc1 Bc5 17. Be1 O-O 18. Bh3 Nh6 19. Bd2 Nf7 20. a3 Rfe8 21. b4
Bf8 22. Ne3 Nc7 23. c5 Nb5 24. Nc4 Nd4 25. Kb2 Nxe2 26. Rd1 Nd4 27. Nc3 Bc2 28.
Be3 Bb3 29. Na5 Bxd1 30. Rxd1 b6 31. cxb6 axb6 32. Nc4 b5 33. Na5 c5 34. Nb7
cxb4 35. axb4 Rb8 36. Nc5 Red8 37. Nd7 Rxd7 38. Bxd7 Rd8 39. Bxd4 Rxd7 40. Bc5
Rxd1 41. Nxd1 Nd8 42. Kb3 Nc6 43. Nc3 0-1

[Event "Open Pasqua"]
[Site "Arco ITA"]
[Date "2015.04.08"]
[Round "3"]
[White "Bruno, Fabio"]
[Black "Bernardi, Ruben"]
[WhiteElo "2418"]
[BlackElo "2135"]
[Result "1-0"]
[PlyCount "117"]
[EventDate "2015.04.07"]

1. d4 e6 2. Nf3 Nf6 3. e3 b6 4. Bd3 Bb7 5. O-O c5 6. c4 cxd4 7. exd4 d5 8. cxd5
Nxd5 9. Ne5 Bd6 10. Bb5+ Kf8 11. Qh5 Qe7 12. Nc3 Nf6 13. Qe2 a6 14. Bd3 Nc6 15.
Nxc6 Bxc6 16. Bxa6 h5 17. Bb5 Bb7 18. h3 Rd8 19. Bg5 Bb8 20. Rad1 Qd6 21. g3
Rh6 22. Bxh6 gxh6 23. Qe5 Qe7 24. Qe3 Kg7 25. Be2 Qb4 26. Bf3 Ba6 27. Rfe1 h4
28. Bg2 hxg3 29. fxg3 Bc4 30. b3 Bd5 31. Nxd5 Nxd5 32. Qf2 Qe7 33. Rd3 Qg5 34.
Bxd5 Rxd5 35. Rf3 Qg6 36. Rf1 f5 37. Kh1 Rd7 38. d5 Rxd5 39. Qxb6 Bd6 40. Qe3
Qf6 41. Qc3 Be5 42. Qc2 Qg5 43. Rd1 Bd4 44. Qc7+ Kg6 45. Qf4 e5 46. Qxg5+ hxg5
47. Rfd3 Rc5 48. Kg2 Rc2+ 49. R1d2 Rc1 50. a4 Rg1+ 51. Kh2 Rb1 52. a5 Ra1 53.
b4 Kf6 54. Rxd4 exd4 55. Rxd4 Rb1 56. a6 Ke5 57. Rd8 Ra1 58. b5 Ke4 59. Rd2 1-0

[Event "Open Pasqua"]
[Site "Arco ITA"]
[Date "2015.04.08"]
[Round "3"]
[White "Cluyts, Marc"]
[Black "Taufer, Livio"]
[WhiteElo "1941"]
[BlackElo "1739"]
[Result "0-1"]
[PlyCount "102"]
[EventDate "2015.04.07"]

1. e4 d6 2. Nc3 Nf6 3. f4 e5 4. Nf3 Nc6 5. Bb5 Bd7 6. d3 Nd4 7. Nxd4 exd4 8.
Bxd7+ Qxd7 9. Ne2 Qg4 10. O-O c5 11. Qe1 Qd7 12. c3 dxc3 13. Nxc3 Be7 14. h3
O-O 15. g4 Rae8 16. g5 Nh5 17. Qh4 g6 18. f5 f6 19. Nd5 Bd8 20. fxg6 hxg6 21.
gxf6 Re5 22. Bg5 Rf7 23. Ne7+ Kh7 24. Nd5 Kg8 25. Ne7+ Kh7 26. Kh1 Qe6 27. Nd5
Kg8 28. Rf3 c4 29. Rg1 Rxd5 30. exd5 Qxd5 31. Qe4 Qxe4 32. dxe4 Bxf6 33. Bxf6
Rxf6 34. Rxf6 Nxf6 35. Re1 Kf7 36. e5 dxe5 37. Rxe5 Nd7 38. Re2 b5 39. Kg2 Kf6
40. Kf3 Ne5+ 41. Ke4 Nd3 42. Kd4 g5 43. b3 Nf4 44. Re3 c3 45. Re1 c2 46. Ke4
Ne2 47. Kd5 c1=Q 48. Rxc1 Nxc1 49. Kc5 Nxa2 50. Kxb5 Kf5 51. Ka6 Ke5 0-1

[Event "Open Pasqua"]
[Site "Arco ITA"]
[Date "2015.04.08"]
[Round "3"]
[White "Csiki, Endre"]
[Black "Popa, Claudiu"]
[WhiteElo "1712"]
[BlackElo "2114"]
[Result "1/2-1/2"]
[PlyCount "59"]
[EventDate "2015.04.07"]

1. e4 e5 2. Bc4 Nf6 3. d3 d6 4. Nc3 Be6 5. Bb3 Bxb3 6. axb3 Nc6 7. f4 Qd7 8.
Nf3 exf4 9. O-O Be7 10. Bxf4 O-O 11. Qd2 Rae8 12. d4 a6 13. d5 Nd8 14. Nd4 Ng4
15. Nf5 Bf6 16. h3 Ne5 17. Bg5 Bxg5 18. Qxg5 f6 19. Qg3 Kh8 20. Ne2 g6 21. Nfd4
c5 22. Nf3 Nxf3+ 23. gxf3 f5 24. Nc3 Nf7 25. Rae1 fxe4 26. Nxe4 Re5 27. Nxc5
Qf5 28. Ne6 Rxe1 29. Qxe1 Rc8 30. Qb4 1/2-1/2

[Event "Open Pasqua"]
[Site "Arco ITA"]
[Date "2015.04.08"]
[Round "3"]
[White "Dappiano, Andrea"]
[Black "Blasco, Domenico"]
[WhiteElo "2255"]
[BlackElo "1855"]
[Result "1-0"]
[PlyCount "61"]
[EventDate "2015.04.07"]

1. e4 g6 2. d4 Bg7 3. Nc3 a6 4. Be3 d6 5. Qd2 Nd7 6. h4 h5 7. O-O-O b5 8. Nh3
Bb7 9. f3 Rc8 10. Ng5 e6 11. d5 exd5 12. Nxd5 Ngf6 13. Bd4 O-O 14. g4 Bxd5 15.
exd5 c5 16. dxc6 Rxc6 17. gxh5 Nxh5 18. Bxg7 Kxg7 19. Qd4+ Qf6 20. Bh3 Qxd4 21.
Rxd4 Ndf6 22. Re1 Ng8 23. f4 Rc4 24. Rxd6 Nxf4 25. Bf1 Rc7 26. Re4 Ne6 27.
Rexe6 fxe6 28. Nxe6+ Kh6 29. Nxf8 Rf7 30. Rxg6+ Kh5 31. Be2+ 1-0

[Event "Open Pasqua"]
[Site "Arco ITA"]
[Date "2015.04.08"]
[Round "3"]
[White "De Santis, Alessio"]
[Black "Engl, Stefan"]
[WhiteElo "2284"]
[BlackElo "1976"]
[Result "1-0"]
[PlyCount "105"]
[EventDate "2015.04.07"]

1. b3 e6 2. Bb2 f5 3. e4 Nf6 4. exf5 exf5 5. Qe2+ Qe7 6. Bxf6 gxf6 7. Nc3 c6 8.
O-O-O Qxe2 9. Ngxe2 Bh6 10. f4 d5 11. g3 Kf7 12. Bh3 Na6 13. Nd4 Kg6 14. Nf3
Re8 15. Rde1 Bd7 16. Nh4+ Kf7 17. Bxf5 Bxf5 18. Nxf5 Bf8 19. Kb2 Nc7 20. Nd1 a5
21. a3 Nb5 22. a4 Nc7 23. Nc3 Rxe1 24. Rxe1 Re8 25. Rxe8 Nxe8 26. Ne2 Nd6 27.
Nxd6+ Bxd6 28. Kc3 f5 29. Nd4 Kf6 30. Nf3 h6 31. Kd4 Ke6 32. c4 c5+ 33. Kd3 d4
34. Ke2 Kf6 35. Nh4 Be7 36. Kf3 Ke6 37. Ng2 h5 38. h3 Bf6 39. g4 hxg4+ 40. hxg4
Bd8 41. Ne1 b6 42. Kg3 Kf6 43. Nf3 Bc7 44. Nh4 fxg4 45. Kxg4 Bd6 46. Nf5 Bf8
47. d3 Kg6 48. Ng3 Bd6 49. Nh5 Be7 50. f5+ Kf7 51. Nf4 Bd8 52. Nd5 Kg7 53. Kf4
1-0

[Event "Open Pasqua"]
[Site "Arco ITA"]
[Date "2015.04.08"]
[Round "3"]
[White "Lezzerini, Marco"]
[Black "Molnar, Bela"]
[WhiteElo "2101"]
[BlackElo "2285"]
[Result "0-1"]
[PlyCount "98"]
[EventDate "2015.04.07"]

1. d4 Nf6 2. c4 d6 3. Nc3 Nbd7 4. e4 e5 5. d5 Nc5 6. f3 a5 7. Be3 Be7 8. Nge2
Nfd7 9. Qd2 h6 10. Nc1 Bg5 11. Bxg5 Qxg5 12. Qxg5 hxg5 13. Be2 g6 14. Nd3 Nxd3+
15. Bxd3 Nc5 16. Be2 Bd7 17. h3 f5 18. Kd2 Ke7 19. b3 Rh4 20. Ke3 Rah8 21. Rhc1
g4 22. hxg4 fxg4 23. Rab1 Rh2 24. Rg1 gxf3 25. gxf3 Kf6 26. a3 a4 27. bxa4 Ra8
28. Rh1 Rxh1 29. Rxh1 Kg7 30. Ra1 Bxa4 31. Bd1 Bd7 32. Bc2 Rh8 33. Re1 Rh2 34.
Re2 Rh1 35. Bd1 Bh3 36. Rd2 Bd7 37. Re2 Kf6 38. Rg2 g5 39. Rf2 b6 40. Rg2 Bc8
41. Rb2 Ba6 42. Be2 Ra1 43. Ra2 Rc1 44. Nb5 Bxb5 45. cxb5 g4 46. fxg4 Rc3+ 47.
Kf2 Nxe4+ 48. Kg2 Kg5 49. a4 Nf6 0-1

[Event "Open Pasqua"]
[Site "Arco ITA"]
[Date "2015.04.09"]
[Round "4"]
[White "Bernardi, Ruben"]
[Black "Weinberg, Emanuele"]
[WhiteElo "2135"]
[BlackElo "1745"]
[Result "1-0"]
[PlyCount "113"]
[EventDate "2015.04.07"]

1. e4 Nf6 2. e5 Nd5 3. d4 d6 4. Nf3 Bg4 5. Be2 g6 6. h3 Bxf3 7. Bxf3 c6 8. O-O
Bg7 9. c4 Nc7 10. Qb3 O-O 11. Re1 dxe5 12. dxe5 Qc8 13. Bd2 Nd7 14. Bc3 Nc5 15.
Qc2 Rd8 16. Na3 Qd7 17. Rad1 Qe8 18. b4 N5e6 19. g3 Rxd1 20. Rxd1 Rd8 21. Kf1
Rxd1+ 22. Qxd1 Qd8 23. Qxd8+ Nxd8 24. Ke2 f6 25. exf6 exf6 26. Bd4 b6 27. Kd3
Kf7 28. Nc2 Nce6 29. a3 c5 30. Be3 f5 31. Bd5 Ke7 32. f4 Kd6 33. b5 Bf6 34. h4
Bg7 35. Ne1 Bf6 36. Nf3 h6 37. Ne5 g5 38. hxg5 hxg5 39. Nf3 gxf4 40. gxf4 Be7
41. Ng1 Bf8 42. Ne2 Bh6 43. Bg2 Ke7 44. Bd2 Nf7 45. Bd5 Nfd8 46. Ke3 Nc7 47.
Bg2 Nf7 48. Bc3 Ne6 49. Bd5 Nd6 50. Be5 Nc7 51. Bg8 Ne6 52. Kd3 Bg7 53. Bxe6
Bxe5 54. fxe5 Nxb5 55. Bxf5 Nxa3 56. Nc3 a6 57. Nd5+ 1-0

[Event "Open Pasqua"]
[Site "Arco ITA"]
[Date "2015.04.09"]
[Round "4"]
[White "Blasco, Domenico"]
[Black "Valenti, Giuseppe"]
[WhiteElo "1855"]
[BlackElo "2052"]
[Result "1-0"]
[PlyCount "109"]
[EventDate "2015.04.07"]

1. d4 d6 2. Nf3 g6 3. e4 Bg7 4. Be3 h6 5. Nc3 e6 6. Bd3 Ne7 7. Qd2 a6 8. O-O
Nd7 9. h3 b6 10. Rad1 Bb7 11. Ne2 d5 12. e5 c5 13. c3 Nc6 14. Rfe1 Na5 15. b3
Nc6 16. Nf4 Ne7 17. g4 Qc7 18. Qe2 Qc6 19. Rc1 c4 20. Bc2 b5 21. Nd2 Nxe5 22.
dxe5 d4 23. Be4 Qc7 24. Bxb7 Qxb7 25. Bxd4 cxb3 26. axb3 O-O 27. b4 Qc7 28. Bc5
Rfd8 29. Nf3 Nd5 30. Nxd5 Rxd5 31. Rcd1 Rad8 32. Rxd5 Rxd5 33. c4 bxc4 34. Qxc4
a5 35. Qe2 axb4 36. Bxb4 Qb6 37. Bd6 Qb3 38. Qe4 Ra5 39. Kg2 Ra2 40. Qb1 Qxb1
41. Rxb1 Ra7 42. Rb8+ Kh7 43. Rc8 g5 44. Rc7 Rxc7 45. Bxc7 Kg6 46. Nd4 h5 47.
Kf3 Bh8 48. Ke4 hxg4 49. hxg4 Bg7 50. f3 Bf8 51. Bd6 Bg7 52. Kd3 Bh8 53. Kc4
Bg7 54. Kc5 Bh8 55. Kc6 1-0

[Event "Open Pasqua"]
[Site "Arco ITA"]
[Date "2015.04.09"]
[Round "4"]
[White "Engl, Alexander"]
[Black "Pipitone, Antonio"]
[WhiteElo "1781"]
[BlackElo "1960"]
[Result "1-0"]
[PlyCount "125"]
[EventDate "2015.04.07"]

1. e4 c5 2. d4 cxd4 3. c3 dxc3 4. Nxc3 Nc6 5. Bc4 e6 6. Nf3 a6 7. Qe2 d6 8. O-O
Be7 9. Rd1 Qc7 10. Bf4 Ne5 11. Nxe5 dxe5 12. Be3 Bd7 13. Rac1 Nf6 14. Bb3 Bc6
15. Nd5 exd5 16. exd5 O-O 17. dxc6 bxc6 18. Qc4 e4 19. Qxc6 Qxc6 20. Rxc6 a5
21. Rc7 a4 22. Bc2 Bd8 23. Rc4 a3 24. Bc5 Re8 25. Bxa3 Bb6 26. h3 e3 27. fxe3
Bxe3+ 28. Kh1 Bf2 29. g4 h6 30. Kg2 Bh4 31. Kf3 g6 32. Rc7 Nh7 33. Rd2 Ra6 34.
Bb3 Ng5+ 35. Kg2 Be1 36. Rdc2 Rf6 37. Be7 Rf4 38. Bxg5 hxg5 39. R7c5 Re3 40.
Rxg5 Kg7 41. Rgc5 Rg3+ 42. Kh2 Rff3 43. Bd5 Rxh3+ 44. Kg1 Rhg3+ 45. Kh1 Rf1+
46. Kh2 Rxg4 47. R5c4 Rf5 48. Rxg4 Rxd5 49. b4 f5 50. Rgc4 Rb5 51. a3 Kf6 52.
Re2 Bxb4 53. Rxb4 Ra5 54. a4 Kg5 55. Rg2+ Kh5 56. Kh3 g5 57. Ra2 g4+ 58. Kg3
Kg5 59. Rb5 Ra6 60. a5 Rh6 61. a6 Rh3+ 62. Kg2 Rh8 63. a7 1-0

[Event "Open Pasqua"]
[Site "Arco ITA"]
[Date "2015.04.09"]
[Round "4"]
[White "Engl, Stefan"]
[Black "Losonczi, Marcell"]
[WhiteElo "1976"]
[BlackElo "1719"]
[Result "0-1"]
[PlyCount "110"]
[EventDate "2015.04.07"]

1. e4 c5 2. d4 cxd4 3. c3 d6 4. Bc4 dxc3 5. Nxc3 Nc6 6. Nf3 e6 7. O-O Be7 8.
Qe2 a6 9. Rd1 Qc7 10. Bf4 Nf6 11. Rac1 O-O 12. Bb3 Qb8 13. e5 Nh5 14. Bg5 dxe5
15. Bxe7 Nxe7 16. Nxe5 Nf4 17. Qe4 Nfg6 18. Nc4 b5 19. Nd6 Rd8 20. Nxf7 Rxd1+
21. Rxd1 Kxf7 22. Rd8 Qe5 23. Qf3+ Nf5 24. Rd1 Rb8 25. Ne4 Rb6 26. g4 Ngh4 27.
Qd3 Nd4 28. Kf1 Nhf3 29. Qe3 h6 30. Rxd4 Nxd4 31. f4 Qc7 32. Qxd4 Qxf4+ 33. Ke1
Rc6 34. Qd3 Ke7 35. Nc3 Rc5 36. Ne2 Qxg4 37. Qe3 Qf5 38. Ng3 Qe5 39. Ne4 Rc7
40. Qe2 Bb7 41. Nc3 Qxe2+ 42. Nxe2 Bd5 43. Bxd5 exd5 44. Kd2 Kd6 45. Kd3 Ke5
46. b3 Rf7 47. Nd4 Rf2 48. a3 Rd2+ 49. Kxd2 Kxd4 50. h3 g5 51. Kc2 Ke3 52. Kd1
d4 53. a4 bxa4 54. bxa4 d3 55. a5 d2 0-1

[Event "Open Pasqua"]
[Site "Arco ITA"]
[Date "2015.04.09"]
[Round "4"]
[White "La Manna, Andrea"]
[Black "Bruno, Fabio"]
[WhiteElo "2193"]
[BlackElo "2418"]
[Result "1-0"]
[PlyCount "63"]
[EventDate "2015.04.07"]

1. d4 Nf6 2. c4 e6 3. Nc3 Bb4 4. a3 Bxc3+ 5. bxc3 c5 6. f3 d5 7. cxd5 exd5 8.
e3 O-O 9. Bd3 b6 10. Ne2 Re8 11. O-O Ba6 12. Ng3 Bxd3 13. Qxd3 Nc6 14. Bb2 c4
15. Qe2 Re6 16. Rae1 b5 17. e4 a5 18. e5 b4 19. Qd2 Ne8 20. f4 bxc3 21. Bxc3
Nc7 22. f5 Rh6 23. f6 Rg6 24. Nh5 Ne6 25. fxg7 Qg5 26. Qf2 Ra7 27. Nf6+ Kxg7
28. Bd2 Rb7 29. Bxg5 Nxg5 30. Qh4 Rb3 31. Nh5+ Kg8 32. Nf4 1-0